00725nam a2200169 a 4500008004100000020001800041050001600059100001700075245006300092260004500155300003300200650004900233650002200282995010200304999001700406952013200423211130s2012 ||||||||||||||||| || u a9781349321131 aHF 5549 Les aMoss, Gloria10aLessons on profiting from diversitycEdited by Gloria Moss aUnited KingdombPalgrave Macmillanc2012 axiv,278 pages :illustrations aDIVERSITY IN THE WORKPLACE--ECONOMIC ASPECTS aWOMEN--EMPLOYMENT FCBU-MAIN LIBRARY (Kitwe)I119.77M1UAVAILABLEWNov 30, 2021ZMain Library Open Access Collection c49124d49124 00102lcc4070a001b001cMain Library Open Access Collectiond2022-11-30l0oHF 5549 Lesp751247r2022-11-30w2022-11-30y002